Birds of Prey – Sudden Death - Statistics

General Stats
  • This quiz has been taken 120 times
  • The average score is 8 of 24
Answers on the Grid
Answers color-coded by a green-red scale on the quiz's grid according to % correct below.
Barn Owl
Eagle-Owl
Owlet
Andean Condor
Secretarybird
Osprey
Kite
Vulture
Serpent-Eagle
Buzzard
Bustard
Gyrfalcon
Bat-Hawk
Goshawk
Hawk
Sparrowhawk
Sea Eagle
Falcon
Merlin
Griffon
Harrier
Caracara
Falconet
Kestrel
Hobby
Herring
Shrike
Kingfisher
Nighthawk
Jay
Guenon
Mosquito-Hawk
Heron
Hawk-Moth
Raven
Microraptor
Hoatzin
Curassow
Chachalaca
Caracal
Desert Kite
Curlew
Hoopoe
Quetzal
Anhinga
Oilbird
Cassowary
Kagu
 
Answer Stats
Answer % Correct
Osprey
54%
Hawk
53%
Falcon
51%
Buzzard
47%
Barn Owl
44%
Eagle-Owl
44%
Andean Condor
43%
Goshawk
39%
Vulture
39%
Gyrfalcon
34%
Kite
34%
Sea Eagle
34%
Kestrel
33%
Sparrowhawk
33%
Merlin
30%
Caracara
29%
Harrier
29%
Secretarybird
26%
Hobby
24%
Falconet
19%
Owlet
17%
Griffon
16%
Bat-Hawk
14%
Serpent-Eagle
14%
No matching quizzes found
Score Distribution
Percent of People with Each Score
Percentile by Number Answered
Your Score History
You have not taken this quiz